000
00428nam a2200133Ia 4500
008
100328s9999 xx 000 0 und d
082
_b
11800
100
_a
केळकर द्वा.वा.
245
_a
सनर्थ रामदास
260
_b
पुणे विद्यार्थीगृह
630
_a
सनर्थ रामदास
730
_a
सनर्थ रामदास
942
_c
BOOK
999
_c
507110
_d
507107